000
00286nam a22001337a 4500
008
170301b xxu||||| |||| 00| 0 eng d
020
_a
9789603993377
041
_a
eng
080
_a
617
100
_a
6
101
_a
SHK
245
_a
SURGICAL ONCOLOGY
_c
PAPPAS, TH.N
942
_2
udc
_c
BK
999
_c
6483
_d
6483